Sanat - "Viimeisiä sanoja" - Bee - Statistics

Yleistilastot
  • Tätä visaa on pelattu 144 kertaa
  • Keskiarvotulos 151 / 214
Vastaustilastot
Vastaus % Oikein
96%
94%
en
93%
En
93%
Jos
93%
jos
93%
viimeisiä
93%
sanoja
92%
ku
91%
ei
90%
koskaan
90%
on
90%
vois
88%
ettei
87%
tavata
87%
eikä
86%
ensimmäisiä
86%
ois
86%
ajassa
85%
sun
85%
huolen
84%
ni
84%
palata
84%
pitäisin
84%
se
84%
voisin
84%
ja
82%
niin
82%
ketään
80%
palavassa
80%
talossa
80%
toivon
80%
etten
79%
kanssa
79%
kiitos
79%
kuin
79%
Luojalle
79%
oo
79%
Kun
78%
kun
78%
sanoit
78%
löydä
77%
mäkin
77%
asuin
76%
sitä
76%
sitä
76%
että
74%
koko
70%
tulessa
69%
maailma
68%
oon
68%
tarpeessa
68%
terapian
68%
jälkeen
67%
hyvää
65%
kokeilla
65%
luulin
65%
mun
65%
ehkä
61%
tehä
60%
jalassa
58%
sullekin
58%
pallo
56%
lueta
55%
enää
54%
jota
54%
ääneen
53%
kirjassa
53%
oot
52%
kaltereita
51%
luku
51%
nyt
50%
ikkunoissa
49%
mut
48%
ajoissa
47%
aina
46%
pakenemaan
46%
kainalossa
45%
pääsin
45%
ikinä
44%
Mieluummin
44%
onneks
44%
katuojassa
43%
nukkuisin
43%
tuhlata
42%
ajatuksia
40%
haluan
40%
rumia
40%
sanoa
40%
aio
39%
Jumala
39%
rukouksia
39%
suhun
39%
arkussa
38%
luuletko
38%
naula
38%
olevasi
38%
tämän
38%
finaalissa
37%
vieläkin
37%
älä
36%
meidän
36%
vankina
36%
soita
35%
tarina
35%
viimeinenkin
35%
enkä
34%
anteeksiantoa
33%
vihdoin
32%
pyytää
30%
liian
27%
myöhä
26%
tavoiteltavissa
10%
ootteessa
1%
Ehtoja vastaavia visoja ei löytynyt
Tulosjakauma
Jokaisen tuloksen saaneiden osuus
Persentiili vastausten määrän mukaan
Tuloshistoriasi
Et ole pelannut tätä visaa